| Registos Bibliográficos associados ao registo de autoridade |
|
Etiqueta de registo: 00254nam 2200025 450 001 2287329 003 http://id.bnportugal.gov.pt/bib/catbnp/2287329 010 ## $a978-972-592-631-4 021 ## $aPT$b564871/26 100 ## $a20260601d2026 m y0pory01030103ba 101 1# $apor$cjpn 102 ## $aPT 105 ## $aa z 000yy 106 ## $ar 200 1# $a O objectivo da vida$edescubra o verdadeiro sentido de viver$fKentetsu Takamori$gtrad. Alice M. Takase$gadapt. Salomé Castro, João Costa, Mauro M. Kakamura 210 #9 $aForte da Casa$cEscolar Editora,$dD.L. 2026 215 ## $a119, [5] p.$cil.$d23 cm 304 ## $aTít. orig.: Jinsei no Mokuteki 700 #1 $aTakamori,$bKentetsu,$f1929-$31569102 702 #1 $aTakase,$bAlice M. $4730$31999795 702 #1 $aCastro,$bSalomé$4010$31351215 702 #1 $aCosta,$bJoão,$f1972-$4010$3982986 702 #1 $aKakamura,$b Mauro M.$4010$31999797 801 #0 $aPT$bBN$gRPC 966 ## $lBN$mFGMON$x1 966 ## $lBN$mFGMON$x1 971 ## $cjbeatriz$d20260601
|
|
|